Mosses, liverworts, and hornworts : (Registro nro. 18292)
[ vista simple ]
| 000 -CABECERA | |
|---|---|
| Campo de control | 01296cam a22003137a 4500 |
| 005 - FECHA Y HORA DE LA ULTIMA TRANSACCION | |
| Campo de control | 20180803170236.0 |
| 008 - ELEMENTOS DE LONGITUD FIJA—INFORMACION GENERAL | |
| Campo de control | 010608s2000 sz a b 000 0 eng |
| 020 ## - ISBN | |
| ISBN | 2831704669 |
| 040 ## - FUENTE DE CATALOGACIÓN | |
| Agencia catalogadora original | UKM |
| Agencia transcriptora | UKM |
| Agencia Modificadora | DLC |
| -- | CO-BoIAVH |
| 041 0# - IDIOMA | |
| Código de idioma para texto/pista de sonido o título separado | Inglés |
| 044 ## - PAÍS DE PUBLICACIÓN | |
| País de publicación | Suiza |
| 082 04 - NUMERO DE CLASIFICACION DECIMAL DEWEY | |
| Número de clasificación | 588 |
| Número del ítem | M91l |
| 245 00 - MENCION DE TITULO | |
| Título | Mosses, liverworts, and hornworts : |
| Parte restante del título | status survey and conservation action plan for bryophytes / |
| Mención de responsabilidad | compiled by Tomas Hallingbäck and Nick Hodgetts. |
| 260 ## - PUBLICACION, DISTRIBUCION, ETC. (PIE DE IMPRENTA) | |
| Lugar de publicación, distribución, etc. | Gland (Suiza) : |
| Nombre del editor, distribuidor, etc. | IUCN in collaboration with the Swedish Threatened Species Unit, |
| Fecha de publicación, distribución, etc. | c2000. |
| 300 ## - DESCRIPCION FISICA | |
| Extensión | x, 106 páginas : |
| Otros detalles físicos | ilustraciones ; |
| Dimensiones | 28 x 22 centímetros |
| 500 ## - NOTA GENERAL | |
| Nota general | "IUCN/SSC Bryophte Specialist Group." |
| 504 ## - NOTA DE BIBLIOGRAFIA, ETC. | |
| Nota de bibliografía | Incluye referencias bibliográficas (páginas 58-68). |
| 650 #6 - ASIENTO SECUNDARIO DE MATERIA - TERMINO TEMATICO | |
| Término temático o nombre geográfico como elemento de entrada | Bryophyta |
| 9 (RLIN) | 65533 |
| 650 #6 - ASIENTO SECUNDARIO DE MATERIA - TERMINO TEMATICO | |
| Término temático o nombre geográfico como elemento de entrada | Bryophyta |
| Subdivisión general | clasificación |
| 9 (RLIN) | 65534 |
| 650 #6 - ASIENTO SECUNDARIO DE MATERIA - TERMINO TEMATICO | |
| Término temático o nombre geográfico como elemento de entrada | Bryophyta |
| Subdivisión general | hábitat |
| 9 (RLIN) | 65535 |
| 650 #6 - ASIENTO SECUNDARIO DE MATERIA - TERMINO TEMATICO | |
| Término temático o nombre geográfico como elemento de entrada | Bryophyta |
| Subdivisión general | conservación |
| 9 (RLIN) | 65536 |
| 650 #6 - ASIENTO SECUNDARIO DE MATERIA - TERMINO TEMATICO | |
| Término temático o nombre geográfico como elemento de entrada | Musgos |
| 9 (RLIN) | 96173 |
| 700 1# - ASIENTO SECUNDARIO - NOMBRE PERSONAL | |
| Nombre personal | Hallingbäck, Tomas. |
| Término de relación | compilador |
| 9 (RLIN) | 65528 |
| 700 1# - ASIENTO SECUNDARIO - NOMBRE PERSONAL | |
| Nombre personal | Hodgetts, N. G. |
| Término de relación | compilador |
| 9 (RLIN) | 65529 |
| 710 2# - ASIENTO SECUNDARIO - NOMBRE CORPORATIVO | |
| Nombre corporativo o de jurisdicción como elemento de entrada | IUCN/SSC Bryophyte Specialist Group. |
| 9 (RLIN) | 65530 |
| 710 2# - ASIENTO SECUNDARIO - NOMBRE CORPORATIVO | |
| Nombre corporativo o de jurisdicción como elemento de entrada | Sveriges lantbruksuniversitet. |
| Unidad subordinada | ArtDatabanken. |
| 9 (RLIN) | 65538 |
| 710 2# - ASIENTO SECUNDARIO - NOMBRE CORPORATIVO | |
| Nombre corporativo o de jurisdicción como elemento de entrada | International Union for Conservation of Nature and Natural Resources. |
| 9 (RLIN) | 65539 |
| 942 ## - ELEMENTOS ADICIONALES (KOHA) | |
| Sistema de clasificación | Dewey Decimal Classification |
| Tipo de ítem | Libro |
| Withdrawn status | Lost status | Sistema de Clasificación | Damaged status | No para préstamo | Colección | Inventariado | Ubicación Permanente | Ubicación actual | Fecha de adquisición | Fuente de Valor | Valor | Total Checkouts | Número topográfico | Inventario / Código de Barras | Date last seen | Ejemplar | Price effective from | Forma de adquisición | Tipo de material |
|---|---|---|---|---|---|---|---|---|---|---|---|---|---|---|---|---|---|---|---|
| Dewey Decimal Classification | General | Inventariado 2017 | Bogotá | Bogotá | 15/04/2016 | Instituto | 39000.00 | LB-588 M91l | 039952 | 15/04/2016 | Ej. 1 | 15/04/2016 | Libro |